000
00200nam a2200085Ia 4500
008
180219s9999 xx 000 0 und d
100
_a
Sharma R A
245
0
_a
Adyapak Parsikshan Taqniki
260
_a
R Lall Meerut
260
_c
2011
999
_c
42256
_d
42256